|
|
|
|
| LEADER |
01864nam a22003254a 4500 |
| 001 |
7040 |
| 003 |
BD-DhAAL |
| 005 |
20150608102856.0 |
| 008 |
150608s2004 nju b 001 0 eng |
| 010 |
|
|
|a 2004007927
|
| 020 |
|
|
|a 0471652822 (cloth)
|
| 040 |
|
|
|a DLC
|c DLC
|d DLC
|d BD-DhAAL
|
| 050 |
0 |
0 |
|a HD69.S8
|b .T57 2004
|
| 082 |
0 |
0 |
|a 658/.042
|2 22
|
| 100 |
1 |
|
|a Tisch, Jonathan M.
|9 11778
|
| 245 |
1 |
4 |
|a The power of we :
|b succeeding through partnerships /
|c Jonathan M. Tisch with Karl Weber.
|
| 246 |
3 |
0 |
|a Succeeding through partnerships
|
| 260 |
|
|
|a Hoboken, N.J. :
|b John Wiley & Sons,
|c c2004.
|
| 300 |
|
|
|a ix, 260 p. ;
|c 24 cm.
|
| 504 |
|
|
|a Includes bibliographical references (p. 241-250) and index.
|
| 505 |
0 |
|
|a The power of partnerships : getting from me to we -- Now who's boss? : lessons in partnership from the CEO's desk to the housekeeper's cart -- A family business : it all started with Sayde and Al -- The employee comes first : from the front line to the bottom line -- Turning customers into partners : creating value together -- Being a good neighbor : hanging up your tux and rolling up your sleeves -- E pluribus plenty : when competition gives way to cooperation -- Beyond the ballot box : good corporate citizenship takes more than your vote -- What's in it for the owners? : bringing dollars and sense to the bottom line -- New York rising : the power of partnerships in time of crisis.
|
| 541 |
|
|
|e 7040
|
| 650 |
|
0 |
|a Partnership.
|9 11779
|
| 650 |
|
0 |
|a Management.
|9 11780
|
| 650 |
|
0 |
|a Cooperativeness.
|9 11781
|
| 650 |
|
0 |
|a Strategic alliances (Business)
|9 10468
|
| 700 |
1 |
|
|a Weber, Karl,
|d 1953-
|9 11782
|
| 942 |
|
|
|2 ddc
|c BK
|
| 999 |
|
|
|c 34643
|d 34643
|
| 952 |
|
|
|0 0
|1 0
|2 ddc
|4 0
|6 658_042000000000000_TIS
|7 0
|9 54115
|a SCL
|b SCL
|c GEN
|d 2015-06-08
|e Gift: The Asia Foundation
|l 1
|m 7
|o 658.042 TIS
|p 3020007040
|r 2019-11-05
|s 2019-09-22
|t 1
|w 2015-06-08
|y BK
|